Capitali più popolose - Africa - Statistics

Statistiche generali
  • Questo quiz è stato fatto 34 volte
  • Il punteggio medio è 7 su 10
Statistiche sulle risposte
Popolazione (ab.) Capitale % Corretto
10 107 125 Il Cairo
100%
4 397 073 Nairobi
89%
12 691 000 Kinshasa
82%
3 040 740 Addis Abeba
79%
3 915 811 Algeri
79%
2 921 488 Pretoria
68%
2 765 568 Yaoundè
54%
2 682 431 Khartum
50%
2 571 861 Luanda
32%
2 731 696 Lusaka
25%
Nessun quiz corrispondente trovato
Distribuzione punteggi
Percentuale di utenti per punteggio
Percentile per numero di risposta
I tuoi punteggi nel tempo
Non hai fatto questo quiz